Statistiques concernant 100 fruits et légumes

Cliquez ici pour prendre le quiz!

Statistiques générales

  • Ce quiz a été pris 5 612 fois
    (1 045 depuis la dernière actualisation)
  • Le résultat moyen est 64 sur 100

Statistiques - réponses

Réponse% Correct
Cerise
99%
Framboise
99%
Fraise
93%
Pomme
93%
Tomate
93%
Pêche
92%
Piment
91%
Radis
90%
Carotte
88%
Grenade
88%
Noix de coco
88%
Ananas
87%
Aubergine
87%
Banane
87%
Citron
87%
Clémentine
87%
Litchi
87%
Maïs
87%
Melon
87%
Orange
87%
Pomme de terre
87%
Raisin
87%
Avocat
86%
Kiwi
86%
Pastèque
86%
Poivron
86%
Ail
85%
Concombre
85%
Mangue
85%
Pitaya
85%
Poire
85%
Cornichon
84%
Oignon
84%
Olive
84%
Pistache
84%
Citrouille
83%
Salade
83%
Abricot
82%
Mûre
82%
Noix
81%
Haricot
80%
Brocoli
79%
Cacahuète
79%
Myrtille
79%
Noisette
79%
Fruit de la passion
78%
Menthe
77%
Patate douce
77%
Figue
76%
Asperge
74%
Marron
74%
Chou-fleur
73%
Gingembre
73%
Courgette
71%
Groseille
71%
Poireau
71%
Chou
70%
Datte
70%
Navet
69%
Endive
68%
Noix de cajou
68%
Petit pois
68%
Chou rouge
66%
Artichaut
64%
Chataigne
64%
Fève de cacao
63%
Papaye
62%
Pois chiche
60%
Ciboulette
59%
Kaki
59%
Betterave
56%
Chou de Bruxelles
56%
Échalote
55%
Épinard
55%
Lentille
55%
Rhubarbe
51%
Courge
47%
Céleri
38%
Goyave
37%
Roquette
36%
Coing
32%
Cassis
31%
Panais
30%
Kumquat
23%
Chou Romanesco
21%
Figue de Barbarie
21%
Carambole
19%
Citron caviar
19%
Baie de Goji
18%
Physalis
15%
Canneberge
14%
Topinambour
10%
Rutabaga
9%
Pomme de Jacque
8%
Cynorrhodon
5%
Salak
5%
Chou-rave
4%
Bergamote
3%
Pain de singe
3%
Atte
1%

Distribution des résultats

Percentile par nombre de réponses

% des personnes avec chaque résultat

Votre développement - résultats

Vous n’avez pas pris ce quiz depuis la dernière actualisation